000 01476naa a2200277 i 4500
001 BPP
003 BPK
005 20180403105431.0
008 140523s2009 pl f |100 0 pol
040 _cBPK
041 _aeng
044 _aPOL
100 _aTOMKOWSKI, Robert.
_d2008 - .
_bPolitechnika Koszalińska - Wydział Mechaniczny,
_cKatedra Mechaniki Precyzyjnej
245 _aAnalysis of values chosen parameters in relation to evaluation of stereometric properties and classifications of surface features /
_cRobert Tomkowski, Anna Tomkowska, Wojciech Kacalak.
260 _c2009.
500 _aDane z autopsji.
650 0 _aStereometric structure of surface.
650 _aEvaluation parameters.
650 _aClassification.
655 0 _aMateriały konferencyjne.
700 _aKACALAK, Wojciech.
_d1996 - .
_bPolitechnika Koszalińska - Wydział Mechaniczny,
_cKatedra Mechaniki Precyzyjnej
773 _iW :
_tProceedings of the 12th International Conference on Metrology and Properties of Engineering Surfaces / eds. P. Pawlus, L. Blunt, B.G. Rosen, T. Thomas, M. Wieczorowski, H. Zahouani. -
_dRzeszów : University of Technology, 2009. -
_gs. 289-293
711 _aInternational Conference on Metrology and Properties of Engineering Surfaces
_n(12 ;
_d2009 ;
_cRzeszów, Polska).
700 _aTOMKOWSKA, Anna.
_bPolitechnika Koszalińska - Wydział Mechaniczny,
_cKatedra Mechaniki Precyzyjnej
942 _cART
_2UKD
999 _c3507
_d3507